MDQL
is popping MORE tags! Check the
thread
!
Quizzes
Events
Quiz Creation
Community
Videos
Private Events
Remove Ads
Sign In
Join for FREE
Feedback
Dark Mode
Quiz Categories
Sports
Geography
Music
Movies
Television
Just For Fun
Miscellaneous
History
Literature
Language
Science
Gaming
Entertainment
Religion
Holiday
For Kids
Quiz Lab
Recent
Popular Today
Quiz Kudos Today
Editor Picks
Curator Picks
Quizzes by...
Day
Popularity
Type
Ratings
Length
Year
Community
Subscriptions
Recent Discussions
Orange Saloon
Badges
Playlists
Quests
Create
Leaderboards
Showdown
Live 5
Trivia Bingo
Activity
Puzzle Library
Sporcle Events
Private Events
Virtual Trivia
Globe League
Become a Host
Pub Owners
SporcleCon
Opinionation
Our Games
Videos
Blog
Mobile Apps
Partnerships
Remove Ads and Go Orange
Feedback
Music
Pop Music
The Beatles
Song
Album
Lyrics
Bands
Singers
Artist
Clip
Rock
Rap
Classical
Billboard
Country Music
Kpop
Taylor Swift
Music
Pop Music
The Beatles
Song
Album
Lyrics
Bands
Singers
Artist
Clip
Rock
Rap
Classical
Billboard
Country Music
Kpop
Taylor Swift
Random Quiz
Search Sporcle
×
Quiz Lab
Quiz Lab
Music
Rock
Type in answers that appear in a list
Type in answers that appear in a list
Classic
Best Score? Go Orange.
Progressive/Art Rock Bands Stats
This quiz is so difficult, you could take one entire Yes song to finish it!
By
xxxFaZeCOD69xxx
18m
30 Questions
407 Plays
407 Plays
407 Plays
Comments
Comments
Give Quiz Kudos
Give Quiz Kudos
-
- Ratings
hide this ad
Replay
Link that replays current quiz
Next Quiz
Link to next quiz in quiz playlist
You Got
0%
They Got
Avg Score
50%
Avg Friend Score
Upgrade to see
Score Distribution
Jump to the score distribution portion of the page
Score
0/30
Timer
18:00
0
Plays Today
Notable Members
Band
% Correct
Roger Waters, David Gilmour, Syd Barrett
Pink Floyd
99.5%
Peter Gabriel, Phil Collins, Mike Rutherford
Genesis
96.3%
John Lennon, Paul McCartney
Beatles
95.8%
Geddy Lee, Neil Peart
Rush
94.3%
Jon Anderson, Rick Wakeman, Steve Howe
Yes
93.8%
Keith Emerson, Greg Lake
Emerson Lake and Palmer
93.1%
Ian Anderson, Martin Barre
Jethro Tull
87.1%
Greg Lake, Robert Fripp, Bill Bruford
King Crimson
85.6%
Frank Zappa, Ray Collins
Mothers of Invention
73%
Justin Hayward, Mike Pinder
Moody Blues
68.7%
Andrew Latimer, Peter Bardens
Camel
64.6%
Dennis DeYoung, Tommy Shaw
Styx
62%
Steve Walsh, Kerry Livgren
Kansas
59.1%
Keith Emerson, Lee Jackson
Nice
57.7%
Derek Shulman, Ray Shulman
Gentle Giant
54.7%
Notable Members
Band
% Correct
Peter Hamill, David Jackson
Van der Graaf Generator
53.6%
Thijs van Leer, Jan Akkerman
Focus
50.7%
John McLaughlin, Jean-
Luc Ponty
Mahavishnu Orchestra
48.2%
Annie Haslam, Michael Dunford, Betty Thatcher
Renaissance
47.4%
Richard Sinclair, David Sinclair
Caravan
45%
Gary Brooker, Keith Reid
Procol Harum
43.4%
Daevid Allen, Gilli Smyth
Gong
41.2%
Roger Wyatt, Daevid Allen
Soft Machine
41.2%
Sonja Kristina, Darryl Way
Curved Air
38.3%
Sandy Denny, Ashley Hutchings
Fairport Convention
35%
Arthur Lee, Bryan MacLean
Love
32.1%
Dave Cousins, Tony Hooper
Strawbs
22.6%
Phil May, Dick Taylor
Pretty Things
19.3%
Robin Williamson, Dolly Collins
Incredible String Band
16.1%
Stanley Whitaker, Kit Watkins
Happy the Man
12.8%
Quiz Playlist
Details
Report
Send in Message
Add To Playlist
Classic:
Type in answers that appear in a list
Last Updated: Mar 22, 2017
Quiz Scoreboard
CHALLENGE
Sign Up to Join the Scoreboard
Show All
Scores
Hide
Comments
May contain spoilers
Recently Published
1-10 Letter E Words III
by El_Dandy
Language
2m
Street Fighter Characters
by Artimus82
Gaming
60s
College Basketball Coaching Resumes
by pancakes188
Sports
9m
More to Explore
Quiz From the Vault
Featured Blog Post
Where Did the Easter Bunny Come From?
hide this ad
You Might Also Like...
Tags
Rock Quiz
Song Quiz
difficult
entire
finish
Notable
Progressive
Yes
Today's Top Quizzes in Music
Browse Music
hide this ad
Today's Top Quizzes in Rock
Browse Rock
Top Contributed Quizzes in Music
1
Taylor Swift All Songs (2024)
2
Taylor Swift Logic Puzzle
3
Guess the Artist- 70s Songs
4
7-to-1: Billboard Hot 100 #1 Hits of 2010s
5
Sorting Albums and Songs
6
KPOP LOGIC QUIZ
7
Billboard Blitz: Aretha Franklin
8
Guess the Taylor Swift song (Mystery Song)
9
Guess The Taylor Swift Lyrics Song #1
10
Billboard Blitz: ABBA
Explore More
Trending Topics
Kpop
Disney
Marvel
Anime
NBA
Crossword
Harry Potter
WWE
NFL
Puzzle
The Office
Soccer
Pokémon
Song
Country
hide this ad
More By:
xxxFaZeCOD69xxx
Quiz
Plays
Rating
Category
Featured
Created
Progressive/Art Rock Bands
407
2.25
Music
Dec 22, 2014
Participants of World War I
172
3.00
History
Nov 24, 2015
Go to Creator's Profile
Score Distribution
Quiz Creator Spotlight
xxxFaZeCOD69xxx
Follow
Send a Message
Quizzes Created
-
Created Quiz Play Count
-
More By This Creator
Popular Quizzes Today
1
Find the US States - No Outlines Minefield
2
Find the Countries of Europe - No Outlines Minefield
3
The Countries of the World
4
Find the US States
5
Risky Map Clicking: Biggest States A-Z
6
US States
7
Popular People in 1961
8
Movies - When Are They Set?
More Music Quizzes
Best Songs of the 2010s (Sporcle's Choice)
Published
Trending Quizzes
Risky Map Clicking: Least Populous States A-Z
Billboard Blitz: Aretha Franklin
1-10 Letter G Words
Countries of the World: 200 Million BC
1-10 Letter F Words
Recently Updated
Leaping Animals
pecheneg
Reality TV Shows (A-Z)
bhenderson79
Rickey Henderson's Hall of Fame Teammates
pecheneg
Champions League XIs: Arsenal
pecheneg
Quick Pick: Celebrities in WWE's Hall of Fame
aduchscher
A-Z Keypad Blitz II
pecheneg
Multiple Oscar Actors
pecheneg
Mystery Phrase Blitz: Oscar 'Best Actors'
pecheneg
F. Scott Fitzgerald Novels
LTH
Pick 3 Villains
ddd62291
Trending Topics
Disney
Harry Potter
Anime
Marvel
NBA
Crossword
Kpop
Pokémon
NFL
Song
WWE
Country
Soccer
The Office
Puzzle
Your Account Isn't Verified!
In order to create a playlist on Sporcle, you need to verify the email address you used during registration. Go to your
Sporcle Settings
to finish the process.
Report this User
Report this user for behavior that violates our
Community Guidelines
.
Details:
Send Report
Go to the Sporcle.com Mobile Site →
Comments